| 000 | 00423nam a2200181Ia 4500 | ||
|---|---|---|---|
| 001 | 10819 | ||
| 005 | 20260306161900.0 | ||
| 008 | 260306t1956||||xx |||||||||||||| ||spa|| | ||
| 041 | _aESP | ||
| 082 |
_a973 _bS52 |
||
| 100 |
_aSiegfried, André _eAUT |
||
| 245 | 0 | _aPanorama de los Estados Unidos | |
| 260 | _c1956 | ||
| 300 |
_a432 páginas : _c20 cm. |
||
| 650 | _aGEN | ||
| 654 | _aCHU | ||
| 942 |
_cLIB _dJUS _fJUS _2ddc _n |
||
| 999 |
_c10819 _d10819 |
||